| 000 | 00415nam a22001337a 4500 | ||
|---|---|---|---|
| 003 | SGT | ||
| 082 |
_a617.645 _bC18B |
||
| 100 | _aRIJUL, BHATNAGAR | ||
| 245 | _aCARIES RISK ASSESSMENT OF CHILDREN IN THE AGE GROUP OF 6-12 YEARS BY THREE METHODS ALBAN'S TEST ORATEST AND APP4 CARIES | ||
| 260 |
_aDELHI NCR _aDELHI NCR _bSGT UNIVERSITY GURUGRAM _c2018 |
||
| 300 | _a1-59 | ||
| 650 | _aPEDODONTICS | ||
| 942 |
_2ddc _cTH |
||
| 999 |
_c17385 _d17385 |
||